000 00677nam a2200181Ia 4500
005 20250423101338.0
008 250422s9999 xx 000 0 und d
020 _a1932099654
050 _aBP 171 .G85/
100 _aGülen, M. Fethullah
245 4 _aThe necessity of interfaith dialogue : a muslim perspective
260 _aSomerset
260 _bThe Light
260 _c2004
300 _a24 p
650 _aIslam Religious tolerance Islam _ Relations _ Christianity Christianity and other religions _ Islam Religions _ Relations İslam Dini hoşgörü İslam _ İlişkiler _ Hristiyanlık Hristiyanlık ve diğer dinler _ İslam Dinler _ İlişkiler
942 _cBK
999 _c36037
_d36037